Magnetošport magnetická tabuľka pre športové hry: ľadový hokej, futbal, hádzaná, basketbal, volejbal, tenis : technicko-taktické situácie

Bibliographic Details
Main Author: Horský, Ladislav, 1927-1983 (Author)
Format: Book
Language:Slovak
PhysicalDescription:6 s. 29 cm
Published: Bratislava Šport 1979
Edition:1. vyd.
Subjects:

MARC

LEADER 00000cam a2200000 a 4500
001 vtls001250972
003 SK-MaSNL
005 20260302032122.0
008 240314s1979 xo g f 00000 slo
015 |a SNBA1979 
035 |a SNK000201791 
040 |a SNK  |b slo  |c SNK  |e AACR2 
041 0 |a slo 
044 |a xo  |c SK 
080 |a 796.966.015.1(083.9)  |2 1981 
100 1 |a Horský, Ladislav,  |d 1927-1983  |4 aut  |9 38641 
245 1 0 |a Magnetošport  |h audiozáznam  |b magnetická tabuľka pre športové hry: ľadový hokej, futbal, hádzaná, basketbal, volejbal, tenis : technicko-taktické situácie  |c Ladislav Horský 
250 |a 1. vyd. 
260 |a Bratislava  |b Šport  |c 1979 
300 |a 6 s.  |c 29 cm 
500 |a Sch., plechy a magnetické figúrky vo fóliách 
650 0 7 |a loptové hry  |2 SNKPH  |9 3288 
650 0 7 |a ľadový hokej  |2 SNKPH  |9 3231 
650 0 7 |a vizuálne dokumenty  |2 SNKPH  |9 656787 
655 7 |a metodické príručky  |2 SNKPH  |9 70250 
958 |a OND 
958 |a BQ 
958 |a TL 
999 |c 1055077  |d 1057007 
952 |a SNK  |b SNK  |y VYP  |7 0  |p 17A0532401  |o snkSB 30892 D1  |i snkKSP 1105/81  |3 rekatalogizácia  |0 0  |1 0  |4 0  |d 2006-12-14  |l 0  |r 2026-02-24 15:09:28  |w 2026-02-24 
952 |a SNK  |b SNK  |y PREZ  |7 0  |p 17A0998980  |o snkSB 30892/príl.  |i snkKSP 1104/81  |0 0  |1 0  |4 0  |d 2014-11-07  |l 0  |r 2025-04-04 00:00:00  |w 2026-02-24 
952 |a SNK  |b SNK  |y PREZ  |7 0  |p 17A0998979  |o snkSB 30892   |i snkKSP 1104/81  |0 0  |1 0  |4 0  |d 2012-07-30  |l 0  |r 2025-04-04 00:00:00  |w 2026-02-24